00524nam a2200181 a 45000010010000000030011000100080041000210350026000620820014000881000011001022450026001132600053001396500012001929420012002049520091002169980020003079990015003270000-9194ELIB.Books110520 1995  a(ELIB.Books)0000-9346 a266 bVis aVision aVision for the Nation bCalifornia: U.S. Centre for World Mission c1995 aMission 2ddccBK 00102ddc4070aKBTSbKBTSd2011-05-20l0p10865r2022-01-22 00:00:00w2022-01-22yBK cbate2011-05-20 c9194d9194